Statistics for Top 30 NBA 2018-19 Centers

Click here to take the quiz!

General Stats

  • This quiz has been taken 801 times
  • The average score is 21 of 30

Answer Stats

RankPlayerTeam% Correct
1Anthony DavisPelicans
100%
2Joel Embiid76ers
99%
4Karl-Anthony TownsTimberwolves
98%
5Nikola JokicNuggets
98%
3Rudy GobertJazz
98%
10Steven AdamsThunder
92%
7Andre DrummondPistons
91%
6Al HorfordCeltics
90%
9Clint CapelaRockets
89%
12Marc GasolGrizzlies
88%
22Pau GasolSpurs
88%
8DeMarcus CousinsWarriors
85%
14Myles TurnerPacers
82%
23Brook LopezBucks
81%
15Jusuf NurkicTrail Blazers
81%
16Nikola VucevicMagic
80%
13Jonas ValanciunasRaptors
78%
20DeAndre AytonSuns
76%
18Hassan WhitesideHeat
75%
11DeAndre JordanMavericks
71%
19Dwight HowardWizards
67%
30Bam AdebayoHeat
62%
26Jarett AllenNets
54%
25Domantas SabonisPacers
49%
17Enes KanterKnicks
47%
27Marcin GortatClippers
40%
24Jakob PoeltlSpurs
39%
21Kelly OlynykHeat
27%
29Bobby PortisBulls
13%
28Kyle O'QuinnPacers
10%

Score Distribution

Percentile by Number Answered

Percent of People with Each Score

Your Score History

You have not taken this quiz